Test pamięci krótkotrwałej - stolice - Statystyki

Ogólne statystyki
  • Ten quiz został rozwiązany 25 razy
  • Średni wynik to 6 z 15
Statystyki odpowiedzi
Kraj % Poprawnych
Akra
100%
Bagdad
100%
Bandar Seri Begawan
100%
Biszkek
100%
Budapeszt
100%
Bukareszt
100%
Dżakarta
100%
Erywań
100%
Georgetown
100%
Jaunde
100%
Kair
100%
Kingston
100%
Kiszyniów
100%
La Paz
100%
Luksemburg
100%
Mińsk
100%
Moskwa
100%
Nairobi
100%
Nawakszut
100%
Ottawa
100%
Paryż
100%
Pekin
100%
Port-au-Prince
100%
Praga
100%
Rzym
100%
Saint John’s
100%
Sana
100%
San José
100%
Santo Domingo
100%
Seul
100%
Singapur
100%
Sofia
100%
Suva
100%
Taszkent
100%
Teheran
100%
Tirana
100%
Trypolis
100%
Waszyngton
100%
Watykan
100%
Wellington
100%
Wiedeń
100%
Lomé
75%
Manama
75%
Canberra
67%
Katmandu
67%
Lizbona
67%
Mogadiszu
67%
Panama
67%
Rabat
67%
Algier
50%
Amsterdam
50%
Ankara
50%
Belgrad
50%
Berlin
50%
Brazzaville
50%
Damaszek
50%
Duszanbe
50%
Funafuti
50%
Gwatemala
50%
Kigali
50%
Kingstown
50%
Kuwejt
50%
Libreville
50%
Majuro
50%
Male
50%
Maputo
50%
Maskat
50%
Mbabane
50%
Ndżamena
50%
Oslo
50%
Reykjavík
50%
San Marino
50%
Tallinn
50%
Tbilisi
50%
Thimphu
50%
Ułan Bator
50%
Yaren
50%
Nowe Delhi
40%
Bissau
33%
Kabul
33%
Nuku'alofa
33%
Tegucigalpa
33%
Wientian
33%
Helsinki
25%
Luanda
25%
Abudża
0%
Abu Zabi
0%
Ad-Dauha
0%
Addis Abeba
0%
Amman
0%
Andora
0%
Antananarywa
0%
Apia
0%
Asmara
0%
Astana
0%
Asunción
0%
Aszchabad
0%
Ateny
0%
Baku
0%
Bamako
0%
Bandżul
0%
Bangi
0%
Bangkok
0%
Basseterre
0%
Bejrut
0%
Belmopan
0%
Berno
0%
Bogota
0%
Brasília
0%
Bratysława
0%
Bridgetown
0%
Bruksela
0%
Buenos Aires
0%
Caracas
0%
Castries
0%
Chartum
0%
Dakar
0%
Dhaka
0%
Dili
0%
Dodoma
0%
Dublin
0%
Dżibuti
0%
Dżuba
0%
Freetown
0%
Gaborone
0%
Gitega
0%
Hanoi
0%
Harare
0%
Hawana
0%
Honiara
0%
Islamabad
0%
Jamusukro
0%
Jerozolima
0%
Kampala
0%
Kijów
0%
Kinszasa
0%
Konakry
0%
Kopenhaga
0%
Kuala Lumpur
0%
Lilongwe
0%
Lima
0%
Londyn
0%
Lublana
0%
Lusaka
0%
Madryt
0%
Malabo
0%
Managua
0%
Manila
0%
Maseru
0%
Meksyk
0%
Monako
0%
Monrovia
0%
Montevideo
0%
Moroni
0%
Nassau
0%
Naypyidaw
0%
Ngerulmud
0%
Niamey
0%
Nikozja
0%
Palikir
0%
Paramaribo
0%
Phnom Penh
0%
Pjongjang
0%
Podgorica
0%
Port Louis
0%
Port Moresby
0%
Port-of-Spain
0%
Porto-Novo
0%
Port Vila
0%
Praia
0%
Pretoria
0%
Prisztina
0%
Quito
0%
Rijad
0%
Roseau
0%
Ryga
0%
Saint George's
0%
San Salvador
0%
Santiago
0%
São Tomé
0%
Sarajewo
0%
Skopje
0%
Sri
Dźajawardanapura
Kotte
0%
Sztokholm
0%
Tajpej
0%
Tarawa
0%
Tokio
0%
Tunis
0%
Vaduz
0%
Valletta
0%
Victoria
0%
Wagadugu
0%
Warszawa
0%
Wilno
0%
Windhuk
0%
Zagrzeb
0%
Nie znaleziono quizów pasujących do podanych kryteriów
Rozkład punktacji
Procent ludzi z każdym wynikiem
Percentyl według liczby udzielonych odpowiedzi
Twoja historia wyników
Nie rozwiązałeś tego quizu